NHL Goalies Who Scored A Goal - Statistics

General Stats
  • This quiz has been taken 1,870 times
  • The average score is 6 of 11
Answer Stats
Team Goalie % Correct
New Jersey Devils (3) Martin Brodeur
92%
Pheonix Coyotes Mike Smith
80%
New York Islanders Billy Smith
77%
Philadelphia Flyers (2) Ron Hextall
76%
Carolina Hurricanes Cam Ward
56%
Detroit Red Wings Chris Osgood
55%
San Jose Sharks Evgeni Nabokov
44%
Montreal Canadiens Jose Theodore
44%
Nashville Predators Chris Mason
15%
Ottawa Senators Damian Rhodes
11%
Buffalo Sabres Mika Noronen
9%
No matching quizzes found
Score Distribution
Percent of People with Each Score
Percentile by Number Answered
Your Score History
You have not taken this quiz